Central Library OPAC University of Rajshahi

Ursule Mirouet / (Record no. 22985)

MARC details
000 -LEADER
fixed length control field 00739nam a2200241u 4500
001 - CONTROL NUMBER
control field 22985
003 - CONTROL NUMBER IDENTIFIER
rucl marc code BD-RjUL
005 - DATE AND TIME OF LATEST TRANSACTION
control field 20211209000858.0
008 - FIXED-LENGTH DATA ELEMENTS--GENERAL INFORMATION
fixed length control field 140310s1925 enk 000 0 eng
035 ## - SYSTEM CONTROL NUMBER
System control number (BD-RjUL)23050
040 ## - CATALOGING SOURCE
Original cataloging agency DLC
Transcribing agency CarP
Modifying agency DLC
-- BD-RjUL
Language of cataloging eng
041 ## - LANGUAGE CODE
Language code of text/sound track or separate title eng
082 00 - DEWEY DECIMAL CLASSIFICATION NUMBER
Edition number 20
Classification number 843
Author mark and year BAU 1925
100 1# - MAIN ENTRY--PERSONAL NAME
Personal name Balzac, Honoré de,
Dates associated with a name 1799-1850.
9 (RLIN) 70906
245 10 - TITLE STATEMENT
Title Ursule Mirouet /
Statement of responsibility, etc. Honoré de Balzac.
260 ## - PUBLICATION, DISTRIBUTION, ETC. (IMPRINT)
Place of publication, distribution, etc. London ;
-- Toronto :
Name of publisher, distributor, etc. J.M. Dent & sons, ltd.;
Place of publication, distribution, etc. New York :
Name of publisher, distributor, etc. E.P. Dutton & co.
Date of publication, distribution, etc. 1925.
300 ## - PHYSICAL DESCRIPTION
Pagination xii, 259 p. ;
Size 18 cm.
504 ## - BIBLIOGRAPHY, ETC. NOTE
Bibliography, etc Includes bibliography.
650 #0 - SUBJECT ADDED ENTRY--TOPICAL TERM
Topical term or geographic name as entry element Frence fiction
Form subdivision Translations in English.
9 (RLIN) 70907
942 ## - ADDED ENTRY ELEMENTS (KOHA)
Source of classification or shelving scheme Dewey Decimal Classification
Koha item type Books
Holdings
Lost status Source of classification or shelving scheme Damaged status Not for loan Collection code Permanent Location Current Location Shelving location Date acquired Source of acquisition Total Checkouts Full call number Date last seen Copy number Koha item type
  Dewey Decimal Classification   Added to bundle Non-fiction Central Library, University of Rajshahi Central Library, University of Rajshahi Reading Room 16/02/1957 Puthia , Rajshahi   843 BAU 1925 10/03/2014 C-1 Books